[Event "IECG CP.2000.P.00018"]
[Site "IECG email"]
[Date "2000.10.01"]
[Round "?"]
[White "Larrosa, Jorge"]
[Black "Holmberg, Per Arne"]
[Result "1/2-1/2"]
[WhiteElo "800"]
[BlackElo "1297"]
[PlyCount "86"]
[EventDate "2000.10.01"]
[EventType "tourn (corr)"]
[EventRounds "6"]
[EventCountry "ENG"]
[SourceTitle "Corr 2008"]
[Source "ChessBase"]
[SourceDate "2008.06.24"]
[SourceVersion "1"]
[SourceVersionDate "2008.06.24"]
[SourceQuality "1"]

1. e4 c6 2. c3 d5 3. e5 Bf5 4. d4 e6 5. Nf3 Nd7 6. Bd3 Bxd3 7. Qxd3 Qb6 8. a4 c5 9. 0-0 c4 10. Qc2 Ne7 11. a5 Qa6 12. Re1 h6 13. Be3 Nc6 14. Qe2 Be7 15. Nbd2 Rb8 16. b4 cxb3 17. Nxb3 Qxe2 18. Rxe2 0-0 19. Ne1 Rfc8 20. Nd3 b6 21. Rea2 a6 22. axb6 Rxb6 23. Ndc1 Ncb8 24. Bd2 f5 25. Na5 g5 26. Nd3 Nf8 27. c4 dxc4 28. Rc2 Rb5 29. Rac1 Rc7 30. f3 Rd7 31. Rxc4 Bd8 32. Ra1 Bb6 33. Bc3 Rdd5 34. Nb7 Rb3 35. Nbc5 Rb5 36. Nxa6 Nxa6 37. Rxa6 Rb3 38. Kf1 Bxd4 39. Bxd4 Rxd3 40. Bc3 Rd1+ 41. Kf2 Rc1 42. Ra8 Kg7 43. Rc7+ Nd7 1/2-1/2

[Event "IECG CP.2000.P.00018"]
[Site "IECG email"]
[Date "2000.10.01"]
[Round "?"]
[White "Parra, Christian"]
[Black "Larrosa, Jorge"]
[Result "1-0"]
[WhiteElo "2150"]
[BlackElo "800"]
[PlyCount "109"]
[EventDate "2000.10.01"]
[EventType "tourn (corr)"]
[EventRounds "6"]
[EventCountry "ENG"]
[SourceTitle "Corr 2008"]
[Source "ChessBase"]
[SourceDate "2008.06.24"]
[SourceVersion "1"]
[SourceVersionDate "2008.06.24"]
[SourceQuality "1"]

1. d4 Nf6 2. Nc3 d5 3. Bg5 h6 4. Bxf6 exf6 5. e3 Bb4 6. Bd3 c5 7. dxc5 Bxc3+ 8. bxc3 0-0 9. Ne2 Nd7 10. Nf4 Nxc5 11. Qh5 Be6 12. 0-0 Qd6 13. Rad1 Qc6 14. Bf5 Rfd8 15. Qg4 Kf8 16. Rd4 Bxf5 17. Qxf5 Ne6 18. Qh7 Nxd4 19. exd4 Qxc3 20. Nxd5 Rxd5 21. Qh8+ Ke7 22. Qxa8 Qxd4 23. Re1+ Re5 24. Qxb7+ Kf8 25. Qb8+ Ke7 26. Rb1 f5 27. a3 Re2 28. Qb7+ Kf6 29. Qa6+ Re6 30. Qd3 Qxd3 31. cxd3 Rd6 32. Rb3 Ke5 33. Kf1 Ra6 34. Ke2 Kd4 35. Rb4+ Kc3 36. Rc4+ Kb3 37. Rc7 Kxa3 38. Rxf7 g6 39. h4 Re6+ 40. Kd2 a5 41. h5 a4 42. hxg6 Rxg6 43. g3 Rg5 44. Rf6 h5 45. Kc3 Ka2 46. d4 a3 47. Re6 f4 48. Re2+ Kb1 49. Kb3 Kc1 50. Re5 Rg4 51. Re4 Rg8 52. Rxf4 Ra8 53. Ka2 Kd2 54. d5 Kd3 55. Rf5 1-0

[Event "IECG CP.2000.P.00018"]
[Site "IECG email"]
[Date "2000.10.01"]
[Round "?"]
[White "Patterson, Stephen J"]
[Black "Larrosa, Jorge"]
[Result "0-1"]
[WhiteElo "1192"]
[BlackElo "800"]
[PlyCount "28"]
[EventDate "2000.10.01"]
[EventType "tourn (corr)"]
[EventRounds "6"]
[EventCountry "ENG"]
[SourceTitle "Corr 2008"]
[Source "ChessBase"]
[SourceDate "2008.06.24"]
[SourceVersion "1"]
[SourceVersionDate "2008.06.24"]
[SourceQuality "1"]

1. e4 e5 2. f4 exf4 3. Nf3 g5 4. Bc4 Nc6 5. 0-0 g4 6. Ne1 Nf6 7. Rxf4 d5 8. exd5 Nxd5 9. Rf2 Bc5 10. Qe2+ Qe7 11. Qf1 Be6 12. c3 Nxc3 13. dxc3 Bxc4 14. Qxc4 Qxe1+ 0-1